Teclado Intercalado - Estadísticas

Estadísticas generales
  • Esta prueba ha sido intentada 56 veces
  • La puntuación promedio es 24 de 27
Estadísticas de respuestas
Letra Respuesta % Correcto
Q Q
100%
B B
98%
C C
98%
E E
98%
M M
98%
N N
98%
R R
98%
T T
98%
U U
98%
V V
98%
W W
98%
X X
98%
Y Y
98%
I I
93%
L L
93%
Ñ Ñ
93%
O O
93%
Z Z
93%
P P
90%
A A
88%
J J
88%
K K
88%
S S
75%
H H
73%
D D
65%
F F
60%
G G
60%
No se encontraron pruebas coincidentes
Distribución de puntuación
Porcentaje de gente con cada puntuación
Porcentaje por número respondido
Historial de tus puntuaciones
No has intentado esta prueba.